| 000 | 00688nam a2200253 a 4500 | ||
|---|---|---|---|
| 003 | AR-BaBNM | ||
| 005 | 20251128210426.0 | ||
| 008 | 082120s2002 ||||||||||||||000 | spa|| | ||
| 020 | _a950-05-0498-7 | ||
| 040 | _cAR-BaBNM | ||
| 100 | 1 | _aMallea, Eduardo | |
| 245 | 0 | 0 |
_aObra completa _bTodo verdor perecerá ; Los enemigos del alma _n2 ; |
| 260 |
_aBuenos Aires _bEdiciones Corregidor _c1988 |
||
| 300 | _a493 p. | ||
| 650 | 4 | _aLITERATURA ARGENTINA | |
| 650 | 4 | _aLITERATURA CONTEMPORANEA | |
| 650 | 4 | _aANTOLOGIAS | |
| 653 | _aNOVELA PSICOLOGICA | ||
| 653 | _aNARRATIVA | ||
| 655 | _aLITERATURA | ||
| 700 | 1 |
_aAmores, Ana Lía _eprologuista |
|
| 942 | _cBK | ||
| 998 | _cMARTIN | ||
| 999 |
_c15430 _d15430 |
||